| 000 | 00895nam a2200217 u 4500 | ||
|---|---|---|---|
| 005 | 20240928063754.0 | ||
| 008 | 110201s2008 mx r 000 0 spa d | ||
| 020 | _a970261130X (10 dígitos) | ||
| 020 | _a9789702611301 (13 dígitos) | ||
| 035 | _aUPN01000179213 | ||
| 049 | _aCG | ||
| 050 | 4 |
_aHD37 E8 _bA4.2 |
|
| 100 | 1 |
_aAmaru Maximiano, Antonio César, _d1947- _930793 |
|
| 245 | 1 | 0 |
_aAdministración para emprendedores : _bfundamentos para la creación y gestión de nuevos negocios / _cAntonio Cesar Amaru Maximiano ; tr. Jacqueline Leticia Chávez Servín. |
| 260 |
_aMéxico : _bPearson, _c2008. |
||
| 300 |
_a241 p. : _bcuadros, tablas, gráfs. |
||
| 534 |
_pTraducción de: _tAdministracao para empreendedores, fundamentos da criacao e da gestao de novos negócios |
||
| 650 | 4 |
_aEmpresas _xAdministración _9229 |
|
| 650 | 4 |
_aMICROEMPRESAS - _zAMERICA LATINA _95527 |
|
| 905 | _aLibro | ||
| 999 |
_c151316 _d151316 |
||